Geography Quiz

Random Geography or State Quiz
Score 0/66 Timer 12:00
0 Plays Today
Power Plant % Correct
Three Mile Island
90%
Indian Point
77%
Vermont Yankee
76.6%
Alvin W. Vogtle
76%
Diablo Canyon
74.5%
Palo Verde
73.9%
Calvert Cliffs
73.3%
Pilgrim
73.3%
South Texas
72.9%
Peach Bottom
72.4%
Turkey Point
72.4%
San Onofre
72.2%
Oyster Creek
71.2%
St. Lucie
71.2%
Braidwood
71.2%
Nine Mile Point
70.6%
North Anna
70.6%
FitzPatrick
70.1%
Enrico Fermi
70.1%
Arkansas Nuclear One
70.1%
Grand Gulf Nuclear Generating Station
69.9%
Watts Bar
69.9%
Grand Gulf
69.9%
Limerick
69.5%
Browns Ferry
69.3%
Farley
69.3%
Crystal River 3
69.1%
Davis-Besse
68.9%
Ginna
68.7%
Millstone
68.7%
Oconee
68.5%
Wolf Creek
68.5%
Columbia
68.3%
Power Plant % Correct
Susquehanna
67.8%
Hope Creek
67.4%
Fort Calhoun
67.4%
River Bend
67.4%
Seabrook
67.2%
Duane Arnold
67.2%
Kewaunee
67.2%
Salem
67%
Virgil C. Summer
67%
Surry
67%
Comanche Peak
66.8%
Byron
66.6%
Perry
66.6%
Quad Cities
66.4%
Waterford
66.4%
Point Beach
66.2%
Hatch
66%
Palisades
66%
Clinton
65.8%
Sequoyah
65.6%
Dresden
65.1%
Shearon Harris
64.9%
Brunswick
64.5%
Prairie Island
64.5%
Cooper
64.3%
Beaver Valley
64.1%
McGuire
64.1%
Monticello
64.1%
Callaway
64.1%
Catawba
63.9%
LaSalle County
63.9%
Donald C. Cook
63.3%
H.B. Robinson
62.6%
Remove Ads.
Support Sporcle.
Get the best of Sporcle when you Go Orange. This ad-free experience offers more features, more stats, and more fun while also helping to support Sporcle. Thank you for becoming a member.

You're not logged in!

Compare scores with friends on all Sporcle quizzes.
OR
Log In

Show Comments

Extras

Top Quizzes Today


Score Distribution

Your Account Isn't Verified!

In order to create a playlist on Sporcle, you need to verify the email address you used during registration. Go to your Sporcle Settings to finish the process.

Report this User

Report this user for behavior that violates our Community Guidelines.

Details: